000 00221nam a22001097a 4500
003 OSt
008 231116b |||||||| |||| 00| 0 eng d
041 _aeng
245 _aPublic Health hygiene
260 _aWHO
942 _cBK
999 _c18032
_d18032